000 00198 a2200097 4500
001 3312
100 _aSelincourt, A.D
245 _aSix great poets
260 _a
_bHamilton
_c
090 _c2591
_d2591
942 _aNUST-CAE
_cM
_c17680
999 _c238385
_d238385